| 000 | 00632nam a2200205 a 4500 | ||
|---|---|---|---|
| 005 | 20210223125342.0 | ||
| 008 | 040422s1996 mx r 000 0 spa d | ||
| 020 | _a9507245499 | ||
| 035 | _aUPN01000133009 | ||
| 049 | _aCG | ||
| 050 | 4 |
_aPQ8520.17 A4 _bR5.5 |
|
| 100 | 1 | _aRiva, Hugo | |
| 245 | 1 | 0 |
_aMemoria viviente de América Latina : _bla obra de Eduardo Galeano / _cHugo Riva. |
| 260 |
_aBuenos Aires : _bLumen, _cc1996. |
||
| 300 | _a93 p. | ||
| 440 | 0 | _aLetra contemporánea | |
| 600 | 1 | 4 |
_aGALEANO, EDUARDO HUGHES, _d1940- - _xCRITICA E INTERPRETACION |
| 651 | 4 |
_aAMERICA LATINA EN LA LITERATURA _94312 |
|
| 905 | _aLibro | ||
| 999 |
_c105162 _d105162 |
||